Who Disciplines Bank Managers? /

We bring to bear a hand-collected dataset of executive turnovers in U.S. banks to test the efficacy of market discipline in a 'laboratory setting' by analyzing banks that are less likely to be subject to government support. Specifically, we focus on a new face of market discipline: stakeho...

Ful tanımlama

Detaylı Bibliyografya
Yazar: Maechler, Andrea
Diğer Yazarlar: Cihak, Martin, Schaeck, Klaus, Stolz, Stephanie Marie
Materyal Türü: Dergi
Dil:English
Baskı/Yayın Bilgisi: Washington, D.C. : International Monetary Fund, 2009.
Seri Bilgileri:IMF Working Papers; Working Paper ; No. 2009/272
Online Erişim:Full text available on IMF
LEADER 01895cas a2200277 a 4500
001 AALejournalIMF006182
008 230101c9999 xx r poo 0 0eng d
020 |c 5.00 USD 
020 |z 9781451874174 
022 |a 1018-5941 
040 |a BD-DhAAL  |c BD-DhAAL 
100 1 |a Maechler, Andrea. 
245 1 0 |a Who Disciplines Bank Managers? /  |c Andrea Maechler, Klaus Schaeck, Martin Cihak, Stephanie Marie Stolz. 
264 1 |a Washington, D.C. :  |b International Monetary Fund,  |c 2009. 
300 |a 1 online resource (45 pages) 
490 1 |a IMF Working Papers 
500 |a <strong>Off-Campus Access:</strong> No User ID or Password Required 
500 |a <strong>On-Campus Access:</strong> No User ID or Password Required 
506 |a Electronic access restricted to authorized BRAC University faculty, staff and students 
520 3 |a We bring to bear a hand-collected dataset of executive turnovers in U.S. banks to test the efficacy of market discipline in a 'laboratory setting' by analyzing banks that are less likely to be subject to government support. Specifically, we focus on a new face of market discipline: stakeholders' ability to fire an executive. Using conditional logit regressions to examine the roles of debtholders, shareholders, and regulators in removing executives, we present novel evidence that executives are more likely to be dismissed if their bank is risky, incurs losses, cuts dividends, has a high charter value, and holds high levels of subordinated debt. We only find limited evidence that forced turnovers improve bank performance. 
538 |a Mode of access: Internet 
700 1 |a Cihak, Martin. 
700 1 |a Schaeck, Klaus. 
700 1 |a Stolz, Stephanie Marie. 
830 0 |a IMF Working Papers; Working Paper ;  |v No. 2009/272 
856 4 0 |z Full text available on IMF  |u http://elibrary.imf.org/view/journals/001/2009/272/001.2009.issue-272-en.xml  |z IMF e-Library